| 000 | 00758nam a22002297a 4500 | ||
|---|---|---|---|
| 999 |
_c64539 _d64539 |
||
| 005 | 20240530110737.0 | ||
| 008 | 180904s2006 ua a g b 000 0 ara d | ||
| 017 |
_a2005/7916 _bمصر. دار الكتب |
||
| 020 | _a9773459330 | ||
| 040 |
_aEG-CaGPL _cEG-CaGPL |
||
| 082 | 0 | 4 |
_221 _a215.1\ _bأ ب |
| 100 | 0 | _aاحمد عمر هاشم | |
| 245 | 1 | 2 |
_aالبيت الحرام : _bمكانته وخصائصه / _cاحمد عمر هاشم |
| 250 | _aط.1 | ||
| 260 |
_aالقاهرة : _bدار الفاروق للنشر والتوزيع، _c2006 . |
||
| 300 |
_a120 ص. ؛ _c24 سم. |
||
| 650 | 0 | 7 |
_2qrmak _aالكعبة |
| 650 | 0 | 7 | _aالحجر الاسود |
| 651 | _2qrmak | ||
| 942 |
_2ddc _cBK |
||